书目信息 |
| 题名: |
原子物理
|
|
| 作者: | 郑乐民 编 | |
| 分册: | ||
| 出版信息: | 北京 北京大学出版社 2000 |
|
| 页数: | 215页 | |
| 开本: | 20cm | |
| 丛书名: | ||
| 单 册: | ||
| 中图分类: | O56 | |
| 科图分类: | ||
| 主题词: | 分子物理学 , 原子物理学 | |
| 电子资源: | ||
| ISBN: | 7-301-04583-2 | |
| 000 | 00520nam0 2200193 450 | |
| 001 | 0735592734 | |
| 005 | 20070906095312.73 | |
| 010 | @a7-301-04583-2@d¥21.00 | |
| 100 | @a20070906d km y0chiy0120 ea | |
| 101 | 0 | @achi |
| 200 | 1 | @a原子物理@Ayuan zi wu li@f郑乐民编@Fzheng yue min bian |
| 210 | @a北京@c北京大学出版社@d2000 | |
| 215 | @a215页@d20cm | |
| 606 | 0 | @a分子物理学 |
| 606 | 0 | @a原子物理学 |
| 690 | @aO56@v3 | |
| 701 | 0 | @a郑乐民@Azheng yue min@4编 |
| 801 | 0 | @aCN@bPFT@c20070906 |
| 905 | @a213230@dO56@eP1@f1 | |
| 原子物理/郑乐民编.-北京:北京大学出版社,2000 |
| 215页;20cm |
| ISBN 7-301-04583-2:¥21.00 |
| ● |
| 相关链接 |
|
|
|
|
正题名:原子物理
索取号:O56/P1
 
预约/预借
| 序号 | 登录号 | 条形码 | 馆藏地/架位号 | 状态 | 备注 |
| 1 | 7200480 | 272004804 | 密集书库-物理学院/ [索取号:O56/P1] | 在馆 | |
| 2 | 7200481 | 272004813 | 密集书库-物理学院/ [索取号:O56/P1] | 在馆 |